000 01041nam a2200265 i 4500
001 153482
003 ES-MaACL
005 20250728084434.0
008 190215s2004 sp a |||| |dspa d
100 1 _aOlivares Guillem, Andrés.
_9166323
245 1 0 _aPrisciliano a través del tiempo
_b: historia de los estudios sobre el priscilianismo /
_cAndrés Olivares Guillem.
260 _a[La Coruña] :
_bFundación Pedro Barrié de la Maza,
_c[2004]
300 _a314 p. :
_bil. ;
_c23 cm.
490 1 _aGalicia histórica
500 _aÍndice onomástico.
504 _aBibliografía: p. 265-291.
600 1 4 _aPrisciliano.
_9131376
650 0 4 _aPriscilianismo.
_916406
710 2 _aFundación Pedro Barrié de la Maza, Conde de Fenosa
_9176439
830 0 _aGalicia histórica
_9193173
852 _aES-MaACL
_jA-14341
_9159069
_bR.151656
_cDEPO1
_dOlim: N-7341
_hDonación: Fundación Barrié
914 _aFundación Pedro Barrié de la Maza, Conde de Fenosa
_ednr
_9176439
942 _2udc
_cMONOGRAFIA
999 _c153482
_d153482